000
00319nam a2200109Ia 4500
008
200302s9999 xx 000 0 und d
100
_a
Andreas C. Papadakis
245
_a
Architecture & the Environment Hrh the Prince of Wales and the Earth in Balance
260
_b
Archiworld Co. Ltd.
260
_c
1993
300
_a
96 P.,
999
_c
1164
_d
1164